000 00791nam a22002295i 4500
001 168056
003 ES-MaACL
005 20230906213651.0
008 051004s1868 gw | |||||||| ||eng d
040 _aCAM
_bspa
_cCAM
100 1 _aYates, Edmund.
_9133985
245 1 4 _aThe Rock Ahead
_b: a novel /
_cby Edmund Yates.
260 _aLeipzig :
_bBernhard Tauchnitz,
_c1868.
300 _a2 t. en 1 v. (300 ; 302 p.) ;
_c16 cm.
490 1 _aCollection of british authors ;
_v995 - 996
650 7 _aNovela inglesa
_2embne
_9137408
700 1 _aTauchnitz, Bernhard,
_9162210
830 0 _aCollection of british authors ;
_v995 - 996
_9180703
852 _aES-MaACL
_jG-11981
_zEncuadernación holandesa
_zEncuadernación 2 tomos en 1 volumen
942 _2udc
999 _c168056
_d168056